[Event "URS-JUG"]
[Site "Odessa"]
[Date "1975.??.??"]
[Round "3"]
[White "Vaganian, Rafael A"]
[Black "Ivkov, Borislav"]
[Result "1/2-1/2"]
[WhiteElo "2530"]
[BlackElo "2550"]

1.c4 Nf6 2.Nc3 c5 3.Nf3 e6 4.g3 Nc6 5.Bg2 d5 6.cxd5 exd5 7.d4 Be7 8.O-O O-O
9.Bg5 cxd4 10.Nxd4 h6 11.Be3 Re8 12.Qa4 Bd7 13.Rad1 Nb4 14.Qb3 a5 15.Nxd5 Nbxd5
16.Bxd5 Nxd5 17.Qxd5 Bh3 18.Qxb7 Bxf1 19.Rxf1 Rb8 20.Qa7 Ra8 21.Qb7 Bf6 22.Nc6 Qc8
23.Qb5 Qa6 24.a4 Bxb2 25.Rb1 Bf6 26.Kf1 Rec8 27.Rc1 Rc7 28.Bb6 Qxb5 29.axb5 Rb7
30.Bxa5 Rxb5 31.Be1 Ra4 32.e3 Kf8 33.Kg2 Ke8 34.Rd1 Rc4 35.Rd6 Rb6 36.Ne5 Rxd6
37.Nxc4 Rc6 38.Nd2 Bc3 39.Nf3 Bxe1 40.Nxe1 Ke7 41.Nf3  1/2-1/2

[Event "URS-JUG"]
[Site "Odessa"]
[Date "1975.??.??"]
[Round "4"]
[White "Ivkov, Borislav"]
[Black "Alburt, Lev O"]
[Result "1/2-1/2"]
[WhiteElo "2550"]
[BlackElo "2420"]

1.Nf3 Nf6 2.c4 c5 3.Nc3 e6 4.g3 d5 5.cxd5 Nxd5 6.Bg2 Nc6 7.O-O Be7 8.Nxd5 exd5
9.d4 O-O 10.Be3 c4 11.Ne5 Bf5 12.Nxc6 bxc6 13.Qa4 Qb6 14.b3 Bc2 15.Rfc1 cxb3
16.axb3 Bxb3 17.Qxc6 Qxc6 18.Rxc6 a5 19.Bf4 a4 20.Bd6 Bxd6 21.Rxd6 Rfd8 22.Rxd8+ Rxd8
23.Kf1 Kf8 24.Ke1 Rc8 25.e3 Ke7 26.Bf3 Kf6 27.Bg4 Rc7 28.h4 Rc2 29.Be2 Rc8
30.Bd3 g5 31.hxg5+ Kxg5 32.Bb5 Rb8 33.Bxa4 Ra8 34.Bxb3 Rxa1+ 35.Ke2 Ra5 36.Kf3 h6
37.Bc2 Ra3 38.Bb1 Ra6 39.Bd3 Rf6+ 40.Kg2 Rb6 41.Kf3 Rb2 42.Bf1 Rb1  1/2-1/2

[Event "Rubinstein mem"]
[Site "Polanica Zdroj"]
[Date "1975.??.??"]
[Round "11"]
[White "Uhlmann, Wolfgang"]
[Black "Garcia Martinez, Silvino"]
[Result "1/2-1/2"]
[WhiteElo "2535"]
[BlackElo "2445"]

1.c4 Nf6 2.Nc3 c5 3.Nf3 e6 4.g3 b6 5.Bg2 Bb7 6.d4 cxd4 7.Qxd4 d6 8.O-O a6
9.Rd1 Be7 10.e4 Nbd7 11.b3 Qb8 12.Ba3 Nc5 13.e5 dxe5 14.Qxe5 Ncd7 15.Qxb8+ Rxb8
16.Bb2 O-O 17.Rd2 b5 18.Rad1 Nc5 19.cxb5 axb5 20.Rd4 Rbc8 21.Ne5 Bxg2 22.Kxg2 b4
23.Ne2 Ra8 24.Ra1 Nd5 25.Nf4  1/2-1/2

[Event "URS-chT"]
[Site "Riga"]
[Date "1975.??.??"]
[Round "?"]
[White "Ruderfer, Mark B"]
[Black "Polugaevsky, Lev"]
[Result "0-1"]
[WhiteElo "2410"]
[BlackElo "2645"]

1.Nf3 Nf6 2.c4 c5 3.Nc3 d5 4.cxd5 Nxd5 5.e3 Nxc3 6.bxc3 g6 7.Bc4 Bg7 8.Ng5 O-O
9.Qf3 e6 10.Ne4 Nc6 11.Qe2 Ne5 12.d4 Nxc4 13.Qxc4 b6 14.O-O Bb7 15.f3 Rc8
16.Qe2 Qd7 17.a4 Bc6 18.Qa2 Bd5 19.Qb1 cxd4 20.cxd4 e5 21.Bb2 exd4 22.Rd1 Rc4
23.Bxd4 Bxe4 24.Bxg7 Bxb1 25.Rxd7 Rc1+  0-1

[Event "URS-chT"]
[Site "Riga"]
[Date "1975.??.??"]
[Round "?"]
[White "Pavlenko, Oleg"]
[Black "Uusi, Gunnar"]
[Result "1/2-1/2"]
[WhiteElo "2380"]
[BlackElo "2410"]

1.Nf3 Nf6 2.c4 e6 3.Nc3 c5 4.g3 b6 5.Bg2 Bb7 6.O-O Be7 7.b3 O-O 8.Bb2 d5
9.cxd5 Nxd5 10.Rc1 Nd7 11.d4 Rc8 12.Qd2 Nxc3 13.Bxc3 Nf6 14.Bb2 cxd4 15.Qxd4 Rc5
16.Rxc5 Bxc5 17.Qh4 h6 18.Qa4 a6 19.b4 Be7 20.a3 Qa8 21.Rc1 Rc8 22.Rxc8+ Qxc8
23.Nd4 Bxg2 24.Kxg2 b5 25.Qc2 Qxc2 26.Nxc2 Nd5 27.Bd4 f5 28.f3 Kf7 29.Kf2 g5
30.h3 h5 31.e4 Nf6 32.Ke3 Bd6 33.Bxf6 Kxf6 34.g4 hxg4 35.hxg4 Bc7 36.exf5 exf5
37.Kd4 Ke6 38.Kc5 fxg4 39.fxg4 Ke5 40.Kc6 Bd8 41.Kb7 a5 42.Kc6 axb4 43.axb4 Kf4
44.Nd4 Be7 45.Kxb5 Kxg4 46.Ne6  1/2-1/2

[Event "SWE-ch"]
[Site "?"]
[Date "1975.??.??"]
[Round "?"]
[White "Ekstroem, Roland"]
[Black "Schneider, Lars Ake"]
[Result "1/2-1/2"]
[WhiteElo "2200"]
[BlackElo "2380"]

1.Nf3 Nf6 2.c4 e6 3.Nc3 c5 4.g3 b6 5.Bg2 Bb7 6.O-O Be7 7.b3 O-O 8.Bb2 Nc6
9.d4 Nxd4 10.Nxd4 Bxg2 11.Kxg2 cxd4 12.Qxd4 Qc7 13.Rad1 Rfd8 14.e4 Qb7 15.Kg1 d6
16.Rfe1 a6 17.h3 b5 18.Re2 bxc4 19.Qxc4 Nd7 20.Na4 Rac8 21.Qd3 Nc5 22.Nxc5 dxc5
23.Qc2 Rxd1+ 24.Qxd1 c4 25.bxc4 Rxc4 26.Qd3  1/2-1/2

[Event "SWE-ch"]
[Site "?"]
[Date "1975.??.??"]
[Round "?"]
[White "Ornstein, Axel"]
[Black "Schneider, Lars Ake"]
[Result "1-0"]
[WhiteElo "2430"]
[BlackElo "2380"]

1.Nf3 Nf6 2.c4 e6 3.Nc3 c5 4.g3 Nc6 5.Bg2 Be7 6.O-O O-O 7.d4 d5 8.cxd5 Nxd5
9.Nxd5 exd5 10.Be3 Bf6 11.dxc5 Bxb2 12.Rb1 Bf6 13.Nd4 Qa5 14.Bxd5 Rd8 15.Nxc6 bxc6
16.Bxc6 Rxd1 17.Rfxd1 Bf5 18.Bxa8 Bxb1 19.Rxb1 g5 20.Bd5 Be7 21.c6 Bd8 22.Rd1 h5
23.h3 h4 24.g4 Bc7 25.Bxg5 Qa4 26.Rd3 Qc2 27.Bf3 Qxa2 28.Bxh4 Qe6 29.Kg2 a5
30.Rd7 Be5 31.Bd5  1-0

[Event "Vilnius zt"]
[Site "Vilnius"]
[Date "1975.??.??"]
[Round "8"]
[White "Vaganian, Rafael A"]
[Black "Kholmov, Ratmir D"]
[Result "0-1"]
[WhiteElo "2530"]
[BlackElo "2540"]

1.c4 c5 2.Nf3 Nf6 3.Nc3 e6 4.e3 Nc6 5.d4 d5 6.a3 a6 7.b3 Be7 8.Bb2 O-O 9.Bd3 cxd4
10.exd4 dxc4 11.bxc4 Kh8 12.Be2 b6 13.O-O Bb7 14.Qd3 Rc8 15.Rac1 Na5 16.Nd2 Qd7
17.Nd1 Bc6 18.Ne3 b5 19.d5 Nxc4 20.Ndxc4 bxc4 21.Nxc4 Qxd5 22.Qg3 Qd8 23.Rcd1 Qe8
24.Bd3 Nh5 25.Qe3 f5 26.g3 Bd5 27.Nb6 Bc5 28.Bd4 Bxb6 29.Bxb6 Bb7 30.Rc1 e5
31.Bc7 Qd7 32.Bxe5 f4 33.Rxc8 Rxc8 34.Qd4 Qh3 35.f3 fxg3 36.hxg3 Nxg3 37.Bxg7+ Kg8
38.Qf6 Qh1+ 39.Kf2 Qh2+ 40.Ke3 Nxf1+ 41.Bxf1 Qg1+  0-1

[Event "Hoogovens-B"]
[Site "Wijk aan Zee"]
[Date "1975.??.??"]
[Round "2"]
[White "Martz, William E"]
[Black "Dieks, Roy G"]
[Result "1/2-1/2"]
[WhiteElo "2385"]
[BlackElo "2305"]

1.c4 Nf6 2.Nc3 d5 3.Nf3 c5 4.cxd5 Nxd5 5.d4 cxd4 6.Qxd4 Nxc3 7.Qxc3 Nc6 8.e4 e6
9.Bb5 Bd7 10.O-O a6 11.Be2 Qa5 12.Qxa5 Nxa5 13.Ne5 Bd6 14.Nxf7 Kxf7 15.Rd1 Bb5
16.Bxb5 axb5 17.Rxd6 Nb3 18.Rb1 Rxa2 19.Be3 Rha8 20.g3 Ra1 21.Rxa1 Rxa1+
22.Kg2 Ra2 23.Rb6 Rxb2 24.Rxb5 e5 25.Rxb7+ Kf6 26.Rb6+ Kf7 27.Kh3 Rb1 28.Kg4 g6
29.Rb7+ Ke6 30.Rb6+ Kf7 31.Rb4 Kf6 32.h3 h5+ 33.Kh4 Nd4 34.Rxd4 exd4 35.Bxd4+ Kf7
36.f4 Rb4 37.Be5 Rxe4 38.g4 hxg4 39.hxg4  1/2-1/2

[Event "Hoogovens-B"]
[Site "Wijk aan Zee"]
[Date "1975.??.??"]
[Round "4"]
[White "Schmidt, Wlodzimierz"]
[Black "Dieks, Roy G"]
[Result "1-0"]
[WhiteElo "2465"]
[BlackElo "2305"]

1.Nf3 Nf6 2.c4 c5 3.Nc3 d5 4.cxd5 Nxd5 5.g3 Nc6 6.Bg2 g6 7.O-O Bg7 8.Nxd5 Qxd5
9.d3 O-O 10.Be3 Qd6 11.Rc1 Nd4 12.Nd2 f5 13.Nc4 Qa6 14.a3 Bd7 15.Bxd4 Bxd4
16.b4 cxb4 17.axb4 Rac8 18.Qb3 Qa4 19.Qxa4 Bxa4 20.Bxb7 Rb8 21.Na5 Rf6 22.Rc4 Bb6
23.Rfc1 Bxa5 24.Bd5+ Kg7 25.bxa5 Bb3 26.Rc5 Bxd5 27.Rxd5 Rb7 28.Kg2 Kf7 29.Kf3 Re6
30.h4 Rb2 31.e3 Rb7 32.Rc2 Rf6 33.d4 Ra6 34.Rdc5 Rb4 35.Re5 Rb7 36.Rc8 Rd6
37.Kf4 Rb2 38.f3 Rb7 39.g4 fxg4 40.fxg4 Rf6+ 41.Ke4 Rd7 42.g5 Rf1 43.Rb5 Rh1
44.Ke5 Rd6 45.d5 Rxh4 46.Rbb8 h5 47.Rg8  1-0

[Event "Rovinj/Zagreb"]
[Site "Zagreb"]
[Date "1975.??.??"]
[Round "9"]
[White "Marovic, Drazen"]
[Black "Sax, Gyula"]
[Result "1/2-1/2"]
[WhiteElo "2490"]
[BlackElo "2510"]

1.Nf3 Nf6 2.c4 c5 3.Nc3 e6 4.g3 b6 5.e4 Bb7 6.d3 Be7 7.Bg2 O-O 8.O-O Nc6
9.d4 cxd4 10.Nxd4 Nxd4 11.Qxd4 d6 12.b3 a6 13.Bb2 Rb8 14.Rfd1 Qc7 15.Rac1 Rfd8
16.h3 Ba8 17.Kh2 Qb7 18.Bh1 e5 19.Qd2 b5 20.Nd5 Nxd5 21.cxd5 Rbc8 22.f4 f6
23.Bf3 Rxc1 24.Rxc1 Rc8 25.Bg4 Rxc1 26.Qxc1 Bd8 27.fxe5 fxe5 28.Qc8 Qxc8
29.Bxc8 a5 30.a3 b4 31.axb4 axb4 32.Bc1 Kf8 33.Bd2 Ba5 34.Kg2 Ke8 35.Kf3 Kd8
36.Ba6 Kc7 37.Kg4 Kb6 38.Bc8 Kc7 39.Ba6 Kb6 40.Bc8 Kc7 41.Bf5 Bb7 42.Bxh7 Ba6
43.Kf5 Bd3 44.Ke6 Bc2 45.g4 Bxb3 46.g5 Bc2 47.Bf5 Kb6 48.h4 b3 49.Bc1 Be1
50.h5 Bd2 51.Bxd2 b2 52.h6 gxh6 53.g6 b1=Q 54.g7 Qg1 55.Bxh6 Kc5 56.Kf6 Qg2
57.Bg5 Bxe4 58.g8=Q Qf3  1/2-1/2

[Event "Pernik"]
[Site "Pernik"]
[Date "1976.01.10"]
[Round "11"]
[White "Ermenkov, Evgenij"]
[Black "Ghitescu, Theodor"]
[Result "0-1"]
[WhiteElo "2435"]
[BlackElo "2430"]

1.Nf3 Nf6 2.c4 g6 3.Nc3 c5 4.g3 Bg7 5.Bg2 O-O 6.O-O Nc6 7.d4 d6 8.d5 Na5
9.Nd2 a6 10.Qc2 Rb8 11.b3 b5 12.Bb2 bxc4 13.bxc4 Bh6 14.f4 e5 15.Rae1 exf4
16.gxf4 Nh5 17.e3 Bg7 18.Nd1 Bf5 19.e4 Rxb2 20.Nxb2 Bd4+ 21.Kh1 Qh4 22.Qd3 Bd7
23.Nd1 Nxf4 24.Qg3 Qxg3 25.hxg3 Nd3 26.Re2 Ne5 27.Ne3 Rb8 28.Rb1 Rxb1+ 29.Nxb1 Naxc4
30.Nxc4 Nxc4 31.Nd2 Nxd2 32.Rxd2 Bb5 33.Bf3 Kg7 34.Bd1 Kf6 35.Bc2 Ke5 36.Kg2 Bc4
37.Bb3 Bxb3 38.axb3 Kxe4 39.Ra2 h5 40.Rxa6 Be5 41.Ra7 f5 42.Rh7 f4 43.gxf4 Bxf4
44.Re7+ Be5 45.Rh7 Kxd5 46.Rh6 Kd4 47.Rxg6 Kc3 48.Kf3 Kxb3 49.Rg8 c4 50.Ke2 h4
51.Rb8+ Kc2 52.Rb4 Kc3 53.Ra4 Kb3 54.Ra7 h3 55.Kd2 Bf4+ 56.Kd1 h2 57.Rb7+ Kc3
58.Rh7 d5 59.Rh3+ Kb2 60.Rh7 d4 61.Rb7+ Kc3 62.Rh7 d3 63.Rh4 Kb2 64.Rh7  0-1

[Event "Capablanca mem-A 13th"]
[Site "Cienfuegos"]
[Date "1976.05.20"]
[Round "4"]
[White "Kozma, Julius"]
[Black "Rodriguez, Amador"]
[Result "1/2-1/2"]
[WhiteElo "2375"]
[BlackElo "2405"]

1.Nf3 Nf6 2.c4 c5 3.Nc3 e6 4.e3 b6 5.d4 cxd4 6.exd4 Bb7 7.Bd3 Be7 8.O-O d5
9.cxd5 Nxd5 10.Re1 O-O 11.a3 Nd7 12.Bc2 Rc8 13.Qd3 N7f6 14.Bg5 g6 15.Bh6 Re8
16.Ba4 Bc6 17.Bxc6 Rxc6 18.Ne5 Rc8 19.Nb5 Ra8 20.Nc6 Qd7 21.Ne5 Qd8 22.Nc6 Qd7
23.Ne5  1/2-1/2

[Event "Capablanca mem-B 13th"]
[Site "Cienfuegos"]
[Date "1976.05.21"]
[Round "5"]
[White "Pineda, Boris"]
[Black "Ostos, Julio"]
[Result "1-0"]
[WhiteElo "2200"]
[BlackElo "2255"]

1.c4 Nf6 2.Nc3 c5 3.Nf3 d5 4.cxd5 Nxd5 5.g3 Nc6 6.Bg2 Nc7 7.O-O e5 8.d3 Be7
9.Be3 O-O 10.Rc1 Bd7 11.a3 Rc8 12.Nd2 b6 13.Nc4 f6 14.Ne4 Be8 15.f4 Nd5 16.Bd2 exf4
17.gxf4 Bf7 18.Kh1 b5 19.Ne3 Nd4 20.Rf2 Nxe3 21.Bxe3 Nf5 22.Bd2 Nh4 23.Qg1 f5
24.Ng3 Bd5 25.e4 Ba8 26.Rd1 Qxd3 27.Bc3 Qc4 28.Rd7 Qe6 29.Rxa7 Bc6 30.exf5 Nxf5
31.Nxf5 Rxf5 32.Bxg7 Rf7 33.Be5 Kf8 34.Re2 Qg4 35.Qf1 Bxg2+ 36.Qxg2 Qxg2+
37.Kxg2 b4 38.Kf3 bxa3 39.bxa3 c4 40.Ke4 Bc5 41.Rxf7+ Kxf7 42.Ra2 Be7 43.Bc3 Bf6
44.Rc2 Ra8 45.Kf5 Bxc3 46.Rxc3 Ra5+ 47.Ke4 Ra4 48.Ke5 Ra5+ 49.Kd4 Ra4 50.Kc5 Kf6
51.Kb5 Ra7 52.a4 Rb7+ 53.Kxc4 Kf5 54.a5 Rb2 55.Rh3 Kg6 56.Kc5 h5 57.a6 Ra2
58.Kb6 Rb2+ 59.Kc7 Rc2+ 60.Kb7 Rb2+ 61.Ka8 Ra2 62.a7 Rb2 63.Rg3+ Kh6 64.h3 h4
65.Rg8  1-0

[Event "Capablanca mem-A 13th"]
[Site "Cienfuegos"]
[Date "1976.05.28"]
[Round "12"]
[White "Garcia Gonzales, Guillermo"]
[Black "Hedman Senarega, Jose Antonio"]
[Result "0-1"]
[WhiteElo "2475"]
[BlackElo "2375"]

1.c4 Nf6 2.Nf3 g6 3.Nc3 c5 4.d4 cxd4 5.Nxd4 Bg7 6.e4 Nc6 7.Be3 O-O 8.Be2 d6
9.O-O Bd7 10.Rc1 Nxd4 11.Bxd4 Bc6 12.Qd3 b6 13.f4 Rc8 14.f5 Nd7 15.Bxg7 Kxg7
16.Nd5 Ne5 17.Qd2 Bxd5 18.exd5 Qd7 19.Rc3 f6 20.b3 g5 21.h4 h6 22.Rg3 Rg8
23.hxg5 hxg5 24.Bh5 Nf7 25.Re1 Rc7 26.Re6 Rh8 27.Bxf7 Kxf7 28.Rxg5 fxg5 29.Qxg5 Qe8
30.Rg6 Qf8 31.f6 Ke8 32.Qf4 Rg8 33.Rh6 Rd7 34.Qf5 Kd8 35.f7 Rg7 36.Rh7 Rxh7
37.Qxh7 e5  0-1

[Event "Capablanca mem-B 13th"]
[Site "Cienfuegos"]
[Date "1976.05.31"]
[Round "15"]
[White "Hernandez, Jose de Jesus"]
[Black "Garcia, Gilberto"]
[Result "1-0"]
[WhiteElo "2300"]
[BlackElo "2265"]

1.c4 Nf6 2.Nc3 c5 3.Nf3 b6 4.g3 Bb7 5.Bg2 d6 6.O-O g6 7.d4 cxd4 8.Qxd4 Bg7
9.Qh4 h6 10.Qf4 Nbd7 11.Rd1 Qc8 12.Nd5 Bxd5 13.cxd5 Qc2 14.Rd2 Qe4 15.Qxe4 Nxe4
16.Rc2 a5 17.Be3 Ndc5 18.Rac1 O-O 19.Nd4 Bxd4 20.Bxd4 f5 21.Be3 Kh7 22.h3 Nf6
23.b3 Nfd7 24.Rc3 b5 25.Bd4 b4 26.Re3 Rae8 27.f4 Rf7 28.Re6 Rff8 29.Re3 Kg8
30.Bf3 h5 31.Kg2 Nf6 32.Bxc5 Rc8 33.Rxe7 dxc5 34.Ra7 Rfd8 35.Rxa5 Nxd5 36.Rcxc5 Rxc5
37.Rxc5 Ne3+ 38.Kg1 Rd2 39.Kf2 Nd1+ 40.Ke1 Rd4 41.Rd5 Ne3 42.Rxd4 Nc2+ 43.Kd2 Nxd4
44.Kd3 Nb5 45.Kc4 Nc3 46.a4  1-0

[Event "Capablanca mem-A 13th"]
[Site "Cienfuegos"]
[Date "1976.05.31"]
[Round "15"]
[White "Beliavsky, Alexander G"]
[Black "Garcia Gonzales, Guillermo"]
[Result "1-0"]
[WhiteElo "2560"]
[BlackElo "2475"]

1.Nf3 Nf6 2.c4 c5 3.Nc3 e6 4.g3 Nc6 5.d4 d5 6.cxd5 Nxd4 7.Nxd4 cxd4 8.Qxd4 Nxd5
9.Nxd5 Qxd5 10.Qxd5 exd5 11.Bg2 Be6 12.O-O Be7 13.Rd1 O-O-O 14.Bf4 Bd6 15.Be3 Bc7
16.Rac1 Rd6 17.Bc5 Rc6 18.Bxa7 Be5 19.f4 Bf6 20.e3 Kc7 21.Bd4 Bxd4 22.exd4 Kd6
23.Rxc6+ bxc6 24.a3 Ra8 25.Rd3 Bf5 26.Rc3 Be4 27.Bf1 f6 28.h4 g5 29.hxg5 fxg5
30.fxg5 Rg8 31.b4 Rxg5 32.a4 Bf5 33.a5 Bd7 34.Kf2 Rg4 35.Rd3 Rg8 36.Be2 Rb8
37.Rb3 Re8 38.a6 Ra8 39.Rf3 Rb8 40.Ra3 Bc8 41.Ke3 Ra8 42.Kf4 Ra7 43.Kg5 Kc7
44.Kh6 Bf5 45.Rf3 Bg6 46.Rf8 Kb6 47.Rb8+ Kc7 48.Rg8 Kb6 49.Rg7 Ra8  1-0

[Event "Agard"]
[Site "Agard"]
[Date "1976.??.??"]
[Round "2"]
[White "Spiridonov, Nikola"]
[Black "Horvath, Gyula"]
[Result "1-0"]
[WhiteElo "2490"]
[BlackElo "2280"]

1.Nf3 c5 2.c4 Nf6 3.Nc3 e6 4.g3 Nc6 5.Bg2 Be7 6.O-O O-O 7.d4 cxd4 8.Nxd4 a6
9.Bf4 Nxd4 10.Qxd4 d6 11.Qd2 Qc7 12.Rac1 Rd8 13.Rfd1 h6 14.c5 Qxc5 15.Nd5 exd5
16.Rxc5 dxc5 17.Bc7 Re8 18.Bxd5 Nxd5 19.Qxd5 Be6 20.Qxb7 Bxa2 21.e4 a5 22.Ra1 Bc4
23.Rxa5 Rxa5 24.Bxa5 Be6 25.Kg2 Bf6 26.Bc3 Bxc3 27.bxc3 c4 28.f4 f6 29.Qb6 Bf7
30.Kf3 Bg6 31.e5 Bh7 32.exf6  1-0

[Event "Banja Luka"]
[Site "Banja Luka"]
[Date "1976.??.??"]
[Round "5"]
[White "Bukic, Enver"]
[Black "Smejkal, Jan"]
[Result "1-0"]
[WhiteElo "2500"]
[BlackElo "2615"]

1.Nf3 Nf6 2.c4 c5 3.Nc3 d5 4.cxd5 Nxd5 5.e4 Nb4 6.Bb5+ Bd7 7.a3 N4c6 8.d4 cxd4
9.Nxd4 Nxd4 10.Qxd4 Nc6 11.Qd3 a6 12.Ba4 Ne5 13.Bxd7+ Qxd7 14.Qg3 f6 15.O-O e6
16.Rd1 Qf7 17.Bf4 Bc5 18.Na4 Ba7 19.b4 O-O 20.Bxe5 fxe5 21.Nc5 Bxc5 22.bxc5 Rac8
23.Rac1 Rc6 24.Rd6 Qf4 25.Qxf4 exf4 26.Rxc6 bxc6 27.Rb1 Rd8 28.f3 Rd3 29.Rb6 Rxa3
30.Rxc6 Kf7 31.h4 h5 32.Rc7+ Kg6 33.Ra7 a5 34.Kf1 a4 35.Ke2 Rc3 36.Ra5 e5
37.Kd2 Rc4 38.Kd3 Rc1 39.Kd2 Rc4 40.Kd3 Rc1 41.Rxa4 Rxc5 42.Rc4 Ra5 43.Rc6+ Kf7
44.Kc4 Ra2 45.Kd5 Rxg2 46.Kxe5 Rh2 47.Kf5 Rxh4 48.Rc7+ Kf8 49.Rc8+ Kf7 50.Rc7+ Kf8
51.Ke6 Kg8 52.Rc8+ Kh7 53.Kf7 Rh3 54.Rc3 Rg3 55.e5 Rg5 56.e6 Rf5+ 57.Ke7 g5
58.Rc8 g4 59.Kd6  1-0

[Event "Banja Luka"]
[Site "Banja Luka"]
[Date "1976.??.??"]
[Round "6"]
[White "Lombardy, William James"]
[Black "Mihaljcisin, Mihajlo"]
[Result "1/2-1/2"]
[WhiteElo "2520"]
[BlackElo "2325"]

1.c4 Nf6 2.Nc3 c5 3.Nf3 e6 4.d4 cxd4 5.Nxd4 Bb4 6.Nb5 d5 7.a3 Bxc3+ 8.Nxc3 d4
9.Na2 e5 10.e3 O-O 11.Be2 Nc6 12.Nb4 Bf5 13.exd4 Nxd4 14.Be3 Nxe2 15.Qxe2 a5
16.Rd1 axb4 17.Rxd8 Rfxd8 18.O-O Bd3 19.Qf3 Bxf1 20.Kxf1 bxa3 21.bxa3 e4
22.Qf5  1/2-1/2

[Event "Banja Luka"]
[Site "Banja Luka"]
[Date "1976.??.??"]
[Round "6"]
[White "Vukic, Milan"]
[Black "Marovic, Drazen"]
[Result "1/2-1/2"]
[WhiteElo "2510"]
[BlackElo "2485"]

1.Nf3 c5 2.c4 Nf6 3.Nc3 d5 4.cxd5 Nxd5 5.g3 Nc6 6.Bg2 Nc7 7.d3 e5 8.Nd2 Bd7
9.O-O Be7 10.Nc4 f6 11.f4 b5 12.Ne3 exf4 13.Rxf4 Ne6 14.Rf1 Rb8 15.Nf5 O-O
16.a4 a6 17.axb5 axb5 18.Nd5 Re8 19.Ndxe7+ Nxe7 20.Nd6 Rf8 21.Be3 Bc6 22.Ne4 Bxe4
23.Bxe4 Qd6 24.Qb3 Kh8 25.Ra7 f5 26.Bf3 f4 27.gxf4 Nf5 28.Bf2 Nfd4 29.Qc3 b4
30.Qc4 Nxf3+ 31.exf3 Nxf4 32.Bg3 Rbd8 33.Qe4 c4 34.Qxc4 Qb6+ 35.Bf2 Qg6+
36.Bg3 Qb6+ 37.Bf2 Qg6+ 38.Bg3  1/2-1/2

[Event "Beersheba"]
[Site "Beersheba"]
[Date "1976.??.??"]
[Round "8"]
[White "Tatai, Stefano"]
[Black "Hartston, William R"]
[Result "1-0"]
[WhiteElo "2465"]
[BlackElo "2445"]

1.c4 c5 2.Nf3 Nf6 3.Nc3 e6 4.g3 b6 5.Bg2 Bb7 6.O-O Be7 7.d4 cxd4 8.Qxd4 O-O
9.Rd1 d6 10.e4 Nbd7 11.Qe3 a6 12.Nd4 Qc7 13.b3 Ng4 14.Qe2 Nge5 15.Bb2 Rac8
16.f4 Nc6 17.Nd5 exd5 18.Nxc6 Bxc6 19.exd5 Rfe8 20.dxc6 Nb8 21.Qg4 f6 22.Bd5+ Kh8
23.Bf7 Rf8 24.Qh5 Nxc6 25.Bg6 h6 26.Bf5 Kg8 27.Qg6  1-0

[Event "Tungsram"]
[Site "Budapest"]
[Date "1976.??.??"]
[Round "?"]
[White "Spiridonov, Nikola"]
[Black "Szekely, Peter"]
[Result "1/2-1/2"]
[WhiteElo "2490"]
[BlackElo "2460"]

1.Nf3 Nf6 2.c4 e6 3.Nc3 c5 4.g3 b6 5.Bg2 Bb7 6.O-O Be7 7.b3 O-O 8.Bb2 d5
9.Ne5 Nbd7 10.d4 cxd4 11.Qxd4 Bc5 12.Qf4 Bd6 13.Nxf7 Bxf4 14.Nxd8 Raxd8 15.gxf4 Nc5
16.cxd5 Nxd5 17.Nxd5 Bxd5 18.Be5 Bxg2 19.Kxg2 Rd2 20.Kf3 Rd5 21.Ke3 Nd7 22.Bc3 Nf6
23.Rg1 Kf7 24.Bxf6 Kxf6 25.Rac1 Rf7 26.h4 Rfd7 27.Rc2 Rh5 28.Rg4 h6 29.Rc1 g6
30.Rcg1 Rg7 31.Kf3 Rc5 32.e4 Rc3+ 33.Kg2 Rc2 34.a4 Re2 35.h5 Rxe4 36.Kf3 Rb4
37.Rxg6+ Rxg6 38.Rxg6+ Kf5 39.Kg3 Rxb3+ 40.f3 Rb1 41.Rxh6 Rg1+ 42.Kf2 Ra1
43.Rg6 Kxf4 44.Rg4+ Kf5 45.Kg2 Ra2+ 46.Kg3 Ra1 47.Kg2 Ra2+ 48.Kg3 Ra1 49.h6 Rh1
50.Rg7 Rxh6 51.Rxa7  1/2-1/2

[Event "HUN-ch"]
[Site "Budapest"]
[Date "1976.??.??"]
[Round "16"]
[White "Vadasz, Laszlo"]
[Black "Eperjesi, Laszlo"]
[Result "1-0"]
[WhiteElo "2465"]
[BlackElo "2395"]

1.c4 c5 2.Nf3 Nf6 3.Nc3 e6 4.d4 cxd4 5.Nxd4 Bb4 6.Nb5 d5 7.Bf4 Bxc3+ 8.bxc3 Na6
9.cxd5 Qxd5 10.Qxd5 Nxd5 11.Bd6 Bd7 12.e4 Nb6 13.a4 Bc6 14.Ba3 Nc8 15.f3 f6
16.Bc4 Kf7 17.Ke2 Rd8 18.Nd4 Bd7 19.a5 Nc7 20.Rab1 b6 21.Rhd1 Be8 22.Nxe6  1-0

[Event "Parque Hotel"]
[Site "Buenos Aires"]
[Date "1976.??.??"]
[Round "?"]
[White "Emma, Jaime"]
[Black "Cuasnicu, Oscar"]
[Result "1/2-1/2"]
[WhiteElo "2420"]
[BlackElo "2400"]

1.Nf3 Nf6 2.c4 e6 3.Nc3 c5 4.e3 d5 5.d4 Nc6 6.a3 cxd4 7.exd4 Be7 8.c5 O-O
9.Bd3 b6 10.b4 bxc5 11.bxc5 Bd7 12.O-O Ne8 13.Re1 Bf6 14.Bc2 g6 15.Bf4 Rc8
16.Ne5 Nxe5 17.Bxe5 Bxe5 18.Rxe5 Bc6 19.Re3 Nf6 20.a4 Rb8 21.h3 Qc7 22.Qf3  1/2-1/2

[Event "WchT U26 fin-A"]
[Site "Caracas"]
[Date "1976.??.??"]
[Round "1"]
[White "Christiansen, Larry Mark"]
[Black "Fernandez, Juan C"]
[Result "1-0"]
[WhiteElo "2400"]
[BlackElo "2370"]

1.c4 Nf6 2.Nc3 c5 3.Nf3 e6 4.g3 b6 5.Bg2 Bb7 6.O-O Be7 7.d4 cxd4 8.Qxd4 O-O
9.Rd1 d6 10.Ng5 Bxg2 11.Kxg2 Qc8 12.Nge4 Rd8 13.Bg5 Qb7 14.f3 Nc6 15.Qe3 Nxe4
16.Nxe4 d5 17.cxd5 exd5 18.Nf2 d4 19.Qc1 Rac8 20.Bxe7 Nxe7 21.Qd2 Nf5 22.Rdc1 Ne3+
23.Kg1 h5 24.Rxc8 Qxc8 25.Rc1 Qe6 26.b3 h4 27.g4 f5 28.g5 Qe5 29.Qd3 Nd5
30.Kh1 Nf4 31.Qc4+ Kh7 32.Qf7 Qxe2 33.Qxf5+ Ng6 34.Ne4 Rf8 35.Nf6+ gxf6 36.gxf6 Qe5
37.Qd7+ Kh6 38.Qg7+ Kg5 39.Rg1+ Kf4 40.Qxg6 Qd5 41.Qg4+ Ke3 42.Re1+ Kd2 43.Re4 d3
44.Qf4+ Kd1 45.Rd4 Qxd4 46.Qxd4 d2 47.Kg2 Rc8 48.f7 Kc2 49.Qd7 Rh8 50.Qc6+ Kb1
51.Qe4+ Kc1 52.Qc4+  1-0

[Event "WchT U26 fin-A"]
[Site "Caracas"]
[Date "1976.??.??"]
[Round "7"]
[White "Gruenfeld, Yehuda"]
[Black "Vilela, Jose Luis"]
[Result "1/2-1/2"]
[WhiteElo "2280"]
[BlackElo "2335"]

1.c4 Nf6 2.Nc3 e6 3.Nf3 c5 4.g3 d5 5.cxd5 exd5 6.d4 Nc6 7.Bg2 Be7 8.O-O O-O
9.Bg5 c4 10.Ne5 Be6 11.b3 Qa5 12.Na4 Rac8 13.bxc4 dxc4 14.Nxc6 bxc6 15.Bxf6 gxf6
16.Qc2 Rfd8 17.Rfd1 Qh5 18.Rab1 f5 19.f4 Rc7 20.e3 Qg6 21.Bf1 Bd5 22.Bxc4 Qe6
23.Bxd5 Qxe3+ 24.Qf2 Qxf2+ 25.Kxf2 Rxd5 26.Nc3 Ra5 27.Rb3 Rd7 28.Ke3 Bf6
29.a4 Kg7 30.Rd3 Bd8 31.Rb4 Ra6 32.Ne2 Be7 33.Rc4 Rb6 34.Ng1 Bb4 35.Nf3 f6
36.Nh4 Rd5 37.Nf3 Kf7 38.Rb3 a5 39.Rd3 c5 40.Ke2 Re6+  1/2-1/2

[Event "DDR-ch 25th"]
[Site "Groeditz"]
[Date "1976.??.??"]
[Round "2"]
[White "Liebert, Heinz"]
[Black "Gruenberg, Hans Ulrich"]
[Result "1/2-1/2"]
[WhiteElo "2420"]
[BlackElo "2405"]

1.c4 c5 2.Nf3 Nf6 3.Nc3 d5 4.cxd5 Nxd5 5.g3 Nc6 6.Bg2 Nc7 7.d3 e5 8.O-O Be7
9.Bd2 Bd7 10.Rc1 Rc8 11.a3 a5 12.Qc2 O-O 13.e3 Be6 14.Rfd1 Nd5 15.Nxd5 Bxd5
16.Bc3 Nd4 17.Bxd4 cxd4 18.Qe2 Bf6 19.Rxc8 Qxc8 20.Qd2 dxe3 21.Qxe3 Qc2 22.Qd2 Qxd2
23.Nxd2 Bxg2 24.Kxg2 Rd8 25.Ne4 Be7 26.g4 g6 27.g5  1/2-1/2

[Event "DDR-ch 25th"]
[Site "Groeditz"]
[Date "1976.??.??"]
[Round "12"]
[White "Liebert, Heinz"]
[Black "Espig, Lutz"]
[Result "1/2-1/2"]
[WhiteElo "2420"]
[BlackElo "2435"]

1.c4 c5 2.Nf3 Nf6 3.Nc3 d5 4.cxd5 Nxd5 5.e3 e6 6.Bb5+ Bd7 7.Qb3 Nxc3 8.bxc3 Nc6
9.O-O Bd6 10.d4 O-O 11.e4 Na5 12.Qa4 Bxb5 13.Qxb5 a6 14.Qe2 b5 15.Bg5 Qc7
16.Rfd1 Rfe8 17.e5 Be7 18.Bxe7 Qxe7 19.d5 exd5 20.Rxd5 Rad8 21.Rad1 Rxd5
22.Rxd5 Nc4 23.Qd3 h6 24.h3 Nb6 25.Rd6 Nc4 26.Rd5 Nb6 27.Rd6 Nc4  1/2-1/2

[Event "DSV-Turnier"]
[Site "Halle"]
[Date "1976.??.??"]
[Round "?"]
[White "Uhlmann, Wolfgang"]
[Black "Boensch, Uwe"]
[Result "0-1"]
[WhiteElo "2555"]
[BlackElo "2365"]

1.c4 c5 2.Nf3 Nf6 3.Nc3 e6 4.g3 b6 5.Bg2 Bb7 6.d4 cxd4 7.Qxd4 d6 8.O-O Be7
9.e4 Nbd7 10.Qe3 O-O 11.Nd4 Qc7 12.b3 a6 13.Ba3 Rfe8 14.h3 Bf8 15.Rfe1 Rad8
16.Rad1 Nc5 17.f3 g6 18.g4 Bg7 19.Bb2 Ba8 20.Re2 h6 21.Rde1 Qb8 22.Qd2 e5
23.Nc2 b5 24.cxb5 d5 25.exd5 Nxd5 26.Nxd5 Rxd5 27.Qe3 Nd3 28.Rb1 Nxb2 29.Rxb2 e4
30.Rb1 Rd3 31.Qf2 exf3 32.Rxe8+ Qxe8 33.Bf1 Rc3 34.Rd1 axb5 35.Nd4 Qe4 36.Bxb5 Rc1  0-1

[Event "DSV-Turnier"]
[Site "Halle"]
[Date "1976.??.??"]
[Round "?"]
[White "Malich, Burkhard"]
[Black "Spiridonov, Nikola"]
[Result "1/2-1/2"]
[WhiteElo "2530"]
[BlackElo "2490"]

1.Nf3 c5 2.c4 Nf6 3.Nc3 g6 4.e4 Nc6 5.d4 cxd4 6.Nxd4 d6 7.Be2 Nxd4 8.Qxd4 Bg7
9.Bg5 O-O 10.Qd2 Be6 11.Rc1 Qa5 12.f3 Rfc8 13.b3 Kf8 14.O-O a6 15.Kh1 Rab8
16.a4 Qb4 17.Bd1 Ng8 18.Qd3 Bxc3 19.Rxc3 b5 20.axb5 axb5 21.Be2 bxc4 22.bxc4 Qa5
23.Be3 Nf6 24.Qd4 Rb4 25.Re1 Kg8 26.Bf1  1/2-1/2

[Event "DSV-Turnier"]
[Site "Halle"]
[Date "1976.??.??"]
[Round "?"]
[White "Espig, Lutz"]
[Black "Vaisman, Volodia"]
[Result "1-0"]
[WhiteElo "2480"]
[BlackElo "2485"]

1.Nf3 Nf6 2.c4 c5 3.Nc3 d5 4.cxd5 Nxd5 5.e3 e6 6.d4 cxd4 7.exd4 Be7 8.Bc4 Nxc3
9.bxc3 O-O 10.O-O Nd7 11.Qe2 Nf6 12.Re1 Bd7 13.Ne5 Rc8 14.Bb2 Be8 15.Bb3 b5
16.a4 Nd5 17.Qf3 bxa4 18.Bxa4 Bxa4 19.Rxa4 Qb6 20.Ba1 Rc7 21.c4 Nf6 22.Bc3 Qb3
23.Rea1 Rfc8 24.c5 Bxc5 25.dxc5 Rxc5 26.Be1 Qb8 27.Nd3 Rf5 28.Qg3 Qb6 29.Rxa7 h6
30.h3 Rg5 31.Qf3 Rd8 32.Nb4 Kh7 33.Rxf7 Rf5 34.Qb7 Qd4 35.Rxg7+ Kh8 36.Ra7 Nh5
37.Rg4  1-0